000 00730nam a2200277Ia 4500
003 OSt
005 20220912151321.0
006 a|||||r|||| 00| 0
007 ta
008 220909b |||||||| |||| 00| 0 eng d
024 _a36017
037 _cTextual
040 _aCSL
_beng
_cCSL
041 _aeng
082 _aD65,8(B), M4
100 _aKowalik Janusz S Ed.
245 0 _aHigh speed computation
260 _aBerlin
_bSpringer-Verlag
_c1984
300 _aix,438p.
_ccm.
490 _aNATO ASI series. series F
500 _aIncludes Bibliography
650 _a Computer
650 _aComputer science
942 _hD65,8(B), M4
_cTEXL
_2CC
999 _c65844
_d65844